Formule 1: Les coéquipiers d'Ayrton Senna - Statistiques

Statistiques générales
  • Ce quiz a été pris 315 fois
  • Le résultat moyen est 3 sur 10
Statistiques - réponses
Ecurie Saison Pilote % Correct
McLaren 1988-1989 Alain Prost
100%
Williams 1994 Damon Hill
65%
McLaren [1990;1992] Gerhard Berger
41%
McLaren 1993 (3 GP) Mika Häkkinen
34%
McLaren 1993 Michael Andretti
21%
Lotus 1985 Elio De Angelis
17%
Lotus 1987 Satoru Nakajima
13%
Toleman 1984 Stefan Johansson
11%
Lotus 1986 Johnny Dumfries
10%
Toleman 1984 Johnny Cecotto
7%
Aucun quiz correspondant
Distribution des résultats
% des personnes avec chaque résultat
Percentile par nombre de réponses
Votre historique - résultats
Vous n’avez pas pris ce quiz